| 000 | 00575nam a22001937a 4500 | ||
|---|---|---|---|
| 005 | 20260205125556.0 | ||
| 006 | a|||||r||||||||||| | ||
| 008 | s2003 njua b 001 0 eng d | ||
| 020 | _a0764554239 | ||
| 040 |
_aGR-AtMCL _dGR-AtMCL _bgre _eAACR2 |
||
| 100 |
_aRumsey, Deborah J. _910323 |
||
| 245 | 1 | 0 |
_aStatistics for dummies / _cby Deborah Rumsey. |
| 260 |
_aHoboken, N.J. : _bWiley, _c2003. |
||
| 300 |
_a355 p. : _bill. ; _c24 cm. |
||
| 504 | _aIncludes bibliographical references and index. | ||
| 650 | 0 |
_aStatistics _910324 |
|
| 942 | _cBK | ||
| 999 |
_c10106 _d10106 |
||